Регионална библиотека "Любен Каравелов" - Русе

Рупчоските пещери [в Западните Родопи] (Запис номер 173887)

MARC детайли
000 -Лидер
Контролно поле с фиксирана дължина 01156nam a2200313 c 4500
003 - Код на организацията, давaща контролен номер
Контролно поле BLK
005 - Дата и час на последна редакция
Контролно поле 20200811111202.0
008 - Елементи от данни с фиксирана дължина
fixed length control field 180411b bul|||||r ||||||| ||bul||
010 ## - Наследен системен номер
LC control number KNG00182331000
040 ## - Източник на каталожния запис
Идентификатор на билиотеката - собственик на записа BLK
041 ## - Код за език
Код за езика на текст/звукозапис или на отделно заглавие Български
Код за езика КДБФ Български
080 ## - УДК
Текстов определител УДК География на България
УДК код - определител по УДК 913(497.2)
УДК определител (234.423.3)
УДК - код + определител 913(497.2)(234.423.3)
100 1# - Редна дума - Автор
Автор Събев, Димитър
Авторска отговорност първи автор
R(LIN) 376003
139 ## - Редно поле
Редна дума Събев, Димитър
Авторски знак Съ - С 96
245 10 - Сведения за заглавието
Заглавие Рупчоските пещери [в Западните Родопи]
Подзаглавни данни Геогр.-турист. маршрут
Редно поле (дума) Димитър Събев.
257 ## - Страна на издаване
Страна на създаване/издаване България
260 ## - Област на издателските данни
Място на издаване, разпространение и проч. София
Име на издателя, разпространителя и проч. Медицина и физкултура
Година на издаване 1967
300 ## - Физическа характеристика
Страници 60 с.
Илюстрации и др. с ил. и к.
Размери/Мащаб 17 см
380 ## - Жанр
Жанр География
490 1# - СЕРИИ (Колекции)
Име на серия Малка туристическа библиотека
650 #4 - Допълнително описание по предмет – тема
Основно описание – тема или топоним Родопи - туристически маршрути
9 (RLIN) 287515
651 #4 - Допълнително описание по предмет - топоним
Географско понятие Родопи
9 (RLIN) 251174
653 ## - Ключова дума – ненормативна
Ключова дума пещери
852 ## - Местоположение
Форматна сигнатура Цб І 9745
856 4# - Електронен адрес и достъп
Електронен формат pdf - файл
856 4# - Електронен адрес и достъп
Електронен формат pdf - файл
999 ## - СИСТЕМНИ КОНТРОЛНИ НОМЕРА
Koha biblionumber 173887
Koha biblioitemnumber 173887
942 ## - АРТИКУЛИ
Вид на библиотечния материал Книги
Скрит в OPAC Не
Периодичен библиозапис Да
944 ## - СЪЗДАВАНЕ И РЕДАКЦИЯ на ЗАПИСА
Създаване/Редакция Създаване
Дата на регистрацията/редакция 23.09.2015
Служител, извършил регистрацията/редакцията Кети_Илиева
944 ## - СЪЗДАВАНЕ И РЕДАКЦИЯ на ЗАПИСА
Създаване/Редакция Редакция
Дата на регистрацията/редакция 23.09.2015
Служител, извършил регистрацията/редакцията Кети_Илиева
999 ## - СИСТЕМНИ КОНТРОЛНИ НОМЕРА
Koha biblioitemnumber 173887
Наличности
Код за отписване Код за изгубен артикул Източник на класификационната схема Код за повреда Коз за рестрикции Код за отдаване Артикулен № Име на библиотеката - собственик Име на библиотеката, в която се намира в момента Статус (Текущо местоположение) Дата на вписване в системата Местоположение - отдел Цена в лева Инвентарен номер Систематично азбучна сигнатура Баркод Номер на екземпляра Цена в евро Служебна бележка Служебен тип на артикула
  Не е изгубен Universal Decimal Classification Не е повреден без рестрикции ползва се в читалня 297748 Регионална библиотека "Любен Каравелов" Русе Регионална библиотека "Любен Каравелов" Русе Хранилище 1967-01-01 Хранилище 0.15 4704/68 Цб І 9745 900000030231 1 0.08 Вид: Сф Дата: 01.01.1967 Книги
Изтеглен Не е изгубен Universal Decimal Classification Не е повреден без рестрикции заемане за дома 297749 Регионална библиотека "Любен Каравелов" Русе Регионална библиотека "Любен Каравелов" Русе Заемна - подръчен фонд 1967-01-01 Заемна - подръчен фонд 0.00 6253/68 П 914.972/С 96 6253/68 2 0.00 Вид: Сф Дата: 01.01.1967 Книги
Изтеглен Не е изгубен Universal Decimal Classification Не е повреден без рестрикции заемане за дома 297750 Регионална библиотека "Любен Каравелов" Русе Регионална библиотека "Любен Каравелов" Русе Заемна - подръчен фонд 1967-01-01 Заемна - подръчен фонд 0.00 6254/68 П 914.972/С 96 6254/68 3 0.00 Вид: Сф Дата: 01.01.1967 Книги
Изтеглен Не е изгубен Universal Decimal Classification Не е повреден без рестрикции заемане за дома 297751 Регионална библиотека "Любен Каравелов" Русе Регионална библиотека "Любен Каравелов" Русе Заемна - подръчен фонд 1967-01-01 Заемна - подръчен фонд 0.00 6255/68 П 914.972/С 96 6255/68 4 0.00 Вид: Сф Дата: 01.01.1967 Книги
Vip Innovations Ltd, Rousse, Bulgaria 2025